书目信息 |
| 题名: |
经典释文
|
|
| 作者: | 陆德明 撰 | |
| 分册: | 二 毛诗音义 | |
| 出版信息: | 武汉 湖北崇文书局 1869年(同治八年) |
|
| 页数: | 1册 | |
| 开本: | 29*16cm | |
| 丛书名: | ||
| 单 册: | ||
| 中图分类: | H131.6 | |
| 科图分类: | ||
| 主题词: | 汉语--语义 , 汉语--语义学 , 汉语--词汇 , 训诂 | |
| 电子资源: | ||
| ISBN: | ||
| 000 | 00753nam0 2200253 450 | |
| 001 | 0636437984 | |
| 005 | 20061020102753.40 | |
| 010 | @b线装@dCNY15.00(函) | |
| 100 | @a20061020d1869 km y0chiy0120 ea | |
| 101 | 0 | @achi |
| 102 | @aCN@b420000 | |
| 200 | 1 | @a经典释文@Ajing dian shi wen@h二@i毛诗音义@f(唐)陆德明撰@F(tang)lu de ming zhuan |
| 210 | @a武汉@c湖北崇文书局@d1869年(同治八年) | |
| 215 | @a1册@d29*16cm | |
| 300 | @a全套12册,第一至第六册为第一函,第七至第十二册为第二函,共三十卷 | |
| 517 | 1 | @a毛诗音义@Amao shi yin yi |
| 606 | 0 | @a汉语@x语义 |
| 606 | 0 | @a汉语@x语义学 |
| 606 | 0 | @a汉语@x词汇 |
| 606 | 0 | @a训诂 |
| 690 | @aH131.6@v3 | |
| 701 | 0 | @a陆德明@Alu de ming@4撰 |
| 801 | 0 | @aCN@bPFT@c20061020 |
| 905 | @a10447@dH131.6@e10:2≈2 | |
| 经典释文.二.毛诗音义/(唐)陆德明撰.-武汉:湖北崇文书局,1869年(同治八年) |
| 1册;29*16cm |
| 全套12册,第一至第六册为第一函,第七至第十二册为第二函,共三十卷 |
| ISBN (线装):CNY15.00(函) |
| ● |
| 相关链接 |
|
|
|
|
正题名:经典释文
索取号:H131.6/10:2≈2
 
预约/预借
| 序号 | 登录号 | 条形码 | 馆藏地/架位号 | 状态 | 备注 |
| 1 | 0265338 | 202407733 | 古籍典藏专区/ [索取号:H131.6/10:2≈2] | 在馆 |